<?xml version="1.0" encoding="UTF-8"?>
<record
    xmlns:xsi="http://www.w3.org/2001/XMLSchema-instance"
    xsi:schemaLocation="http://www.loc.gov/MARC21/slim http://www.loc.gov/standards/marcxml/schema/MARC21slim.xsd"
    xmlns="http://www.loc.gov/MARC21/slim">

  <leader>01606nam a2200253 a 4500</leader>
  <controlfield tag="001"> </controlfield>
  <controlfield tag="003">OSt</controlfield>
  <controlfield tag="005">20211108075855.0</controlfield>
  <controlfield tag="008">130412s1989    dr            000 0 spa d</controlfield>
  <datafield tag="040" ind1=" " ind2=" ">
    <subfield code="a">DO-SdBNP</subfield>
    <subfield code="b">spa</subfield>
    <subfield code="c">BPMSU</subfield>
  </datafield>
  <datafield tag="082" ind1=" " ind2=" ">
    <subfield code="b">R789n 1989</subfield>
    <subfield code="a">RD863.44</subfield>
    <subfield code="2">22</subfield>
  </datafield>
  <datafield tag="100" ind1="1" ind2=" ">
    <subfield code="a">Rosario Candelier, Bruno,</subfield>
    <subfield code="d">1941-</subfield>
  </datafield>
  <datafield tag="245" ind1="1" ind2="3">
    <subfield code="a">La narrativa de Juan Bosch /</subfield>
    <subfield code="c">Bruno Rosario Candelier.</subfield>
  </datafield>
  <datafield tag="260" ind1=" " ind2=" ">
    <subfield code="a">Santo Domingo :</subfield>
    <subfield code="b">Alfa &amp; Omega,</subfield>
    <subfield code="c">1989.</subfield>
  </datafield>
  <datafield tag="300" ind1=" " ind2=" ">
    <subfield code="a">275 p. ;</subfield>
    <subfield code="c">21 cm.</subfield>
  </datafield>
  <datafield tag="504" ind1=" " ind2=" ">
    <subfield code="a">Bibliograf&#xED;a: p. 22-26</subfield>
  </datafield>
  <datafield tag="505" ind1="0" ind2=" ">
    <subfield code="a">Presentaci&#xF3;n --</subfield>
    <subfield code="t">Datos bio-bibliogr&#xE1;ficos de Juan Bosch --</subfield>
    <subfield code="t">Semblanzas literaria de Juan Bosch --</subfield>
    <subfield code="t">El aspecto social en la cuent&#xED;stica --</subfield>
    <subfield code="t">Bosch, el exilio y la literatura --</subfield>
    <subfield code="t">Recursos, actitudes y motivos narrativos --</subfield>
    <subfield code="t">t&#xE9;cnica y tem&#xE1;tica de una cuent&#xED;stica --</subfield>
    <subfield code="t">El trasfondo sociocultural de la materia narrativa --</subfield>
    <subfield code="t">El trasfondo formal de la materia narrativa --</subfield>
    <subfield code="t">&#xA8;La Mujer&#xA8;, un cuento criollista --</subfield>
    <subfield code="t">&#xA8;El Difunto estaba vivo&#xA8;, un relato m&#xE1;gico-realista --</subfield>
    <subfield code="t">La Ma&#xF1;osa, una novela socio-realista --</subfield>
    <subfield code="t">El Oro y la paz, una novela de car&#xE1;cter filos&#xF3;fico--</subfield>
    <subfield code="t">Juan Bosch, &#xA8;La Mujer&#xA8; y sus connotaciones --</subfield>
    <subfield code="t">Margarita Fern&#xE1;ndez : La cuent&#xED;stica de Juan Bosch --</subfield>
    <subfield code="t">Entrevista con Juan Bosch --</subfield>
    <subfield code="t">Bruno Rosario Candelier, &#xA8;La Mujer&#xA8;y la cr&#xED;tica literaria /</subfield>
    <subfield code="r">Por Juan Bosch --</subfield>
    <subfield code="t">La literatura y la cr&#xED;tica literaria, por Juan Bosch --</subfield>
    <subfield code="t">Conclusi&#xF3;n</subfield>
  </datafield>
  <datafield tag="590" ind1=" " ind2=" ">
    <subfield code="a">Inventariado, 2021/VM</subfield>
  </datafield>
  <datafield tag="600" ind1="1" ind2="0">
    <subfield code="a">Bosch, Juan, </subfield>
    <subfield code="d">1909-2001</subfield>
    <subfield code="9">1</subfield>
  </datafield>
  <datafield tag="650" ind1=" " ind2="4">
    <subfield code="a">Literatura domincana</subfield>
    <subfield code="x">Cr&#xED;tica e interpretaci&#xF3;n</subfield>
  </datafield>
  <datafield tag="700" ind1="1" ind2=" ">
    <subfield code="a">Bosch, Juan, </subfield>
    <subfield code="d">1909-2001</subfield>
    <subfield code="9">1</subfield>
  </datafield>
  <datafield tag="910" ind1=" " ind2=" ">
    <subfield code="a">VMateo V:</subfield>
  </datafield>
  <datafield tag="942" ind1=" " ind2=" ">
    <subfield code="2">ddc</subfield>
    <subfield code="c">BK</subfield>
  </datafield>
  <datafield tag="952" ind1=" " ind2=" ">
    <subfield code="0">0</subfield>
    <subfield code="1">0</subfield>
    <subfield code="2">ddc</subfield>
    <subfield code="4">0</subfield>
    <subfield code="7">0</subfield>
    <subfield code="8">CD</subfield>
    <subfield code="a">BPMET</subfield>
    <subfield code="b">BPMET</subfield>
    <subfield code="d">2021-11-08</subfield>
    <subfield code="e">Fundaci&#xF3;n Juan Bosch </subfield>
    <subfield code="l">0</subfield>
    <subfield code="o">BPMSU CD RD863.44 B789n 1989</subfield>
    <subfield code="p">BPMSU21110045</subfield>
    <subfield code="r">2021-11-08</subfield>
    <subfield code="w">2021-11-08</subfield>
    <subfield code="y">BK</subfield>
  </datafield>
  <datafield tag="999" ind1=" " ind2=" ">
    <subfield code="c">13847</subfield>
    <subfield code="d">13847</subfield>
  </datafield>
</record>
